Holiday Quiz

Random Holiday or Spanish Quiz

Spanish Holidays Quiz Stats

 Plays Quiz not verified by Sporcle

Challenge
Share
Tweet
Embed
Score 0/10 Timer 01:00
0 Plays Today
English Holiday Spanish Holiday % Correct
????
100%
????
44.7%
????
21.3%
????
19.1%
????
10.6%
????
10.6%
????
8.5%
????
6.4%
????
6.4%
????
4.3%

You're not logged in!

Compare scores with friends on all Sporcle quizzes.
Join for Free
OR
Log In

You Might Also Like...

Show Comments

Extras

Created Mar 13, 2011ReportNominate
Tags:Spanish Quiz

Top Quizzes Today


Score Distribution

Your Account Isn't Verified!

In order to create a playlist on Sporcle, you need to verify the email address you used during registration. Go to your Sporcle Settings to finish the process.

Report this User

Report this user for behavior that violates our Community Guidelines.

Details: